000 00292nam a22001097a 4500
008 170125b xxu||||| |||| 00| 0 eng d
020 _a9780683302547
041 _aeng
080 _a618.2
245 _aMANAGERIAL AND SUPERVISORY PRINCIPLES FOR PHYSICAL THERAPISTS
_cNOSSE, L.J
942 _2udc
_cBK
999 _c3581
_d3581